Biggest Arms Exporters & Importers Quiz Stats

 Plays Quiz Updated Feb 18, 2019

Support Sporcle.
Go Orange.
Score 0/40 Timer 04:00
13 Plays Today
% Correct
United States
99.5%
United States
99.4%
China
96.8%
Russia
96.7%
China
96.5%
Germany
93.7%
United Kingdom
93.7%
United Kingdom
93.6%
France
93.6%
Japan
88.9%
Brazil
88.5%
India
87.3%
Canada
85.3%
Italy
84%
Spain
83.9%
Iraq
83.1%
Australia
80.1%
Egypt
77.6%
South Africa
76.1%
Pakistan
76%
% Correct
South Korea
75.9%
South Korea
75.9%
Israel
73.9%
Saudi Arabia
72.6%
Sweden
68.5%
Turkey
67.5%
Norway
62.7%
Norway
62.7%
Ukraine
60.4%
Greece
56.4%
Netherlands
48.7%
Chile
47.5%
Switzerland
46.9%
Belgium
44.6%
Venezuela
41.4%
Algeria
38.7%
United Arab Emirates
37%
Malaysia
31.3%
Belarus
29.9%
Singapore
17.5%

You're not logged in!

Compare scores with friends on all Sporcle quizzes.
OR
Log In

From the Vault

'Edelweiss' Lyrics

by Derek

As a rule, I try to watch The Sound of Music twice a year, just so I can remember the words to these songs when I serenade random people in elevators.
Remove Ads.
Support Sporcle.
Get the best of Sporcle when you Go Orange. This ad-free experience offers more features, more stats, and more fun while also helping to support Sporcle. Thank you for becoming a member.

Show Comments

Extras

Top Quizzes Today


Score Distribution

Your Account Isn't Verified!

In order to create a playlist on Sporcle, you need to verify the email address you used during registration. Go to your Sporcle Settings to finish the process.

Report this User

Report this user for behavior that violates our Community Guidelines.

Details: